1920 1364 1212 1079 1551 1431 1190 1315 1217 1791 1965 1234 1593 1735 1479 1082 1461 1052 1914 1739 1775 1293 1461 1718 1638 1707 1011 1604 1085 1699 1823 1964 1227 1956 1147 1605 1866 1888 1507 1005 1114 1748 1653 1732 1692 1302 1211 1798 1281 1579 1448 1350 1081 1640 1844 1734 1357 1084 1834 1749 1246 1039 1316 1896 1591 1025 1657 1352 1615 1327 1638 1417 1543 1005 1318 1903 1805 1020 1780 1719 1390 1409 1120 1785 1754 1193 1173 1387 1112 1091 1147 1994 1937 1074 1931 1086 1536 1367 1257 BCNSPRNW ULIB Ver.6.0+V

เปลี่ยนเป็นภาษาไทย

Change to English
 แสดงรายละเอียดบรรณานุกรม
  กลับหน้าหลัก

Brief Record : Get Marc (ISO 2709) : E-mail record : QR code < ปิดหน้าต่าง
LEADER : 00000nam 2200000uu 4500
001    13399114997
003     ULIB
008    120627s2549||||th 000 0 tha d
020    ^a9749995791
020    ^a9789749995792
050  4 ^aBF576^bจ631จ 2549
100 0  ^aจุฑารัตน์ เอื้ออำนวย
245 10 ^aจิตวิทยาสังคม /^cจุฑารัตน์ เอื้ออำนวย
250    ^aพิมพ์ครั้งที่ 2
260    ^aกรุงเทพฯ :^bสำนักพิมพ์แห่งจุฬาลงกรณ์มหาวิทยาลัย,^c2549
300    ^a275 หน้า ;^c21ซม.
650  4 ^aจิตวิทยาสังคม
945    ^p150^l0^i14514
995    ^aกัณชพร
999 ^a ใช้งานได้ทุกระบบ
รายการนี้ยังไม่มีแท็ก
คุณยังไม่ได้ล็อกอิน คุณสามารถมีกิจกรรมร่วมกับเว็บไซต์ได้ แต่ต้องล็อกอินก่อน ::
  ล็อกอิน

รายการสื่อสารสนเทศ

ลำดับที่ ประเภท เลขเรียก/บาร์โค้ด สถานที่ สถานะ
- ไม่พบข้อมูล -

รายการใกล้เคียง
    ผู้แต่ง [จุฑารัตน์ เอื้ออำนวย]

    หัวเรื่อง [จิตวิทยาสังคม]

BibComment


ยังไม่เคยถูกคอมเมนท์

คอมเมนท์ทรัพยากรรายการนี้
  คอมเมนท์: จิตวิทยาสังคม จ..


 Copyright 2026. Bcnsprnw @Library